• 首页
  • 本馆介绍
  • 公告通知
  • 最新文献
  • 馆藏检索
  • 电子资源
  • 读者导购
  • 参考咨询
  • 我的图书馆
  • 登录
  • 详细信息显示
  • 放入我的书架
  • 预约/预借图书
  • 作者相关作品
  • 分类相关作品
  • 丛书相关作品
  • 出版社相关作品

书目信息

  • 表格格式
  • 工作单格式
  • 卡片格式
题名:
地震蒸汽模型与预报
    
 
作者: 寿仲浩 , 方琰 著
分册:  
出版信息: 天津   天津大学出版社  2018
页数: 146页
开本: 24cm
丛书名:
单 册:
中图分类: P315.75
科图分类:
主题词: 地震预报--di zhen yu bao--蒸汽--地震预报模式
电子资源:
ISBN: 978-7-5618-6067-0
000 01424nam0 2200265 450
001 012001005140
005 20140101131836.0
010    @a978-7-5618-6067-0@dCNY58.00
099    @aCAL 012018093472
100    @a20180712d2018 em y0chiy50 ea
101 0  @achi
102    @aCN@b120000
105    @aabk a 000yy
106    @ar
200 1  @a地震蒸汽模型与预报@Adi zhen zheng qi mo xing yu yu bao@f寿仲浩, 方琰著
210    @a天津@c天津大学出版社@d2018
215    @a146页@c彩图, 地图@d24cm
320    @a有书目 (第139-144页)
330    @a本书中, 提出了一个崭新的理论--地震蒸汽理论。它可以解释种种奇异的地震现象且用它进行准确的地震预报。该理论认为, 当一个巨大的岩石受外力作用 (包括人的作用), 它的薄弱环节首先破裂。水渗入裂缝。它的膨胀、收缩、摩擦和腐蚀进一步削弱了岩石的内聚力。地面运动产生磨擦, 磨擦生热加热地下水。水产生蒸气积累, 最终产生高温高压。当蒸汽达到一定压力时, 它就会冲破裂缝通过一个喷口喷出地面, 蒸汽上升冷却形成地震云或者蒸汽的热量融化部分已经存在的云产生云中的无云区的奇异现象, 这叫做地热喷发。地震云和地热喷发与其它地质与气象现象有根本的区别。它们以蒸汽为主, 突然从一个固定蒸汽源喷出, 并伴有高温和高压。喷口通常预示震中, 蒸汽量预示震级, 地震产生在一个完全喷发后的几天内。
606 0  @a地震预报@Adi zhen yu bao@x蒸汽@x地震预报模式
690    @aP315.75@v5
701  0 @a寿仲浩@Ashou zhong hao@4著
701  0 @a方琰@Afang yan@4著
801  2 @aCN@b江苏凤凰@c20191020
905    @b1207483-4@dP315.75@e168@f2
    
    地震蒸汽模型与预报/寿仲浩, 方琰著.-天津:天津大学出版社,2018
    146页:彩图, 地图;24cm
    
    
    ISBN 978-7-5618-6067-0:CNY58.00
    本书中, 提出了一个崭新的理论--地震蒸汽理论。它可以解释种种奇异的地震现象且用它进行准确的地震预报。该理论认为, 当一个巨大的岩石受外力作用 (包括人的作用), 它的薄弱环节首先破裂。水渗入裂缝。它的膨胀、收缩、摩擦和腐蚀进一步削弱了岩石的内聚力。地面运动产生磨擦, 磨擦生热加热地下水。水产生蒸气积累, 最终产生高温高压。当蒸汽达到一定压力时, 它就会冲破裂缝通过一个喷口喷出地面, 蒸汽上升冷却形成地震云或者蒸汽的热量融化部分已经存在的云产生云中的无云区的奇异现象, 这叫做地热喷发。地震云和地热喷发与其它地质与气象现象有根本的区别。它们以蒸汽为主, 突然从一个固定蒸汽源喷出, 并伴有高温和高压。喷口通常预示震中, 蒸汽量预示震级, 地震产生在一个完全喷发后的几天内。
●
相关链接 在E读中查询图书 在五车中查询图书 在当当中查询图书 在豆瓣中查询图书


正题名:地震蒸汽模型与预报     索取号:P315.75/168         预约/预借

序号 登录号 条形码 馆藏地/架位号 状态 备注
1 1207483   212074832   第二样本阅览室/ [索取号:P315.75/168] 在馆    
2 1207484   212074841   第三借阅区/ [索取号:P315.75/168] 在馆    
唐山师范学院图书馆 欢迎您!
大连网信软件有限公司© 版权所有